书目信息 |
| 题名: |
中国辞书论集
|
|
| 作者: | ;中国辞书学会学术委员会 编 | |
| 分册: | 2001 | |
| 出版信息: | 西安 陕西人民出版社 2002 |
|
| 页数: | 363页 | |
| 开本: | 20cm | |
| 丛书名: | ||
| 单 册: | ||
| 中图分类: | H16-53 | |
| 科图分类: | ||
| 主题词: | 汉语--han yu--辞书学--文集 | |
| 电子资源: | ||
| ISBN: | 7-224-06076-3 | |
| 000 | 00747nam0 2200217 450 | |
| 001 | CAL 010030005479 | |
| 005 | 20070729105005.70 | |
| 010 | @a7-224-06076-3@dCNY21.00 | |
| 100 | @a20030517d2002 em y0chiy0121 ea | |
| 101 | 0 | @achi |
| 102 | @aCN@b610000 | |
| 105 | @aak z 000yy | |
| 200 | 1 | @a中国辞书论集@Azhong guo ci shu lun ji@h2001@f中国辞书学会学术委员会编 |
| 210 | @a西安@c陕西人民出版社@d2002 | |
| 215 | @a363页@c图@d20cm | |
| 330 | @a本书是中国辞书学会第四届年会论文集, 围绕辞书编纂的“创新”问题展开论述, 共收论文40篇。 | |
| 606 | 0 | @a汉语@Ahan yu@x辞书学@j文集 |
| 690 | @aH16-53@v4 | |
| 711 | 02 | @a中国辞书学会学术委员会@Azhong guo ci shu xue hui xue shu wei yuan hui@4编 |
| 801 | 0 | @aCN@bWHC@c20070729 |
| 905 | @a10447@dH16-53@e153 | |
| 中国辞书论集.2001/中国辞书学会学术委员会编.-西安:陕西人民出版社,2002 |
| 363页:图;20cm |
| ISBN 7-224-06076-3:CNY21.00 |
| 本书是中国辞书学会第四届年会论文集, 围绕辞书编纂的“创新”问题展开论述, 共收论文40篇。 |
| ● |
| 相关链接 |
|
|
|
|
正题名:中国辞书论集
索取号:H16-53/153
 
预约/预借
| 序号 | 登录号 | 条形码 | 馆藏地/架位号 | 状态 | 备注 |
| 1 | 0784226 | 207842263 | 第二样本阅览室/ [索取号:H16-53/153] | 在馆 | |
| 2 | 0784227 | 207842272 | 第四借阅区/ [索取号:H16-53/153] | 在馆 | |
| 3 | 0784228 | 207842281 | 第四借阅区/ [索取号:H16-53/153] | 在馆 | |
| 4 | 0784229 | 207842290 | 第四借阅区/ [索取号:H16-53/153] | 在馆 | |
| 5 | 0784367 | 207843672 | 第四借阅区/ [索取号:H16-53/153] | 在馆 |